| 000 | 01300nam a2200289 i 4500 | ||
|---|---|---|---|
| 001 | 120922 | ||
| 003 | ES-MaACL | ||
| 005 | 20240121131119.0 | ||
| 008 | 211228s2018 sp aeo 001 0 spa | ||
| 020 | _a978-84-8344-635-5 | ||
| 080 | _a72.012.2 | ||
| 080 | _a727:378.4(460.27) | ||
| 100 | 1 |
_aSebastián Maestre, José Antonio. _9173944 |
|
| 245 | 1 | 3 |
_aLa presencia de lo moderno en el patrimonio artístico de la UAM / _cJosé Antonio Sebastián Maestre. |
| 260 |
_aMadrid : _bServicio de Publicaciones Universidad Autónoma de Madrid, _c[2018] |
||
| 300 |
_a292 p. : _bil. col. y n., planos col. y n., fot. ; _c27 cm + _e1 póster col. [sobrecubierta] |
||
| 504 | _aReferencias bibliográficas. | ||
| 594 | _aEn port.: Cincuenta aniversario Universidad Autónoma de Madrid | ||
| 610 | 2 | 4 |
_aUniversidad Autónoma de Madrid- _xEdificios. _9173945 |
| 650 | 4 |
_aArquitectura- _zMadrid- _yS.XX. _99998 |
|
| 710 | 2 |
_aUniversidad Autónoma de Madrid. _97060 |
|
| 852 | 4 |
_aES-MaACL _jA-14819 _9 125427 _bR.152327 _cDEPO1 _dOlim: N-7819 _gDedicatoria autógrafa del autor _hDonación: José Antonio Sebastián Maestre _x Encuadernación en tela |
|
| 903 |
_9173944 _aSebastián Maestre, José Antonio _ednr |
||
| 942 |
_2udc _cMONOGRAFIA |
||
| 999 |
_c120922 _d120922 |
||